01492cam a22004454i 4500003000900000005001700009008004100026020001500067035002700082040003300109082001900142245013300161264005200294300003900346336002100385337002500406338002300431490003400454505017700488526001000665526001000675526000900685526000900694526000900703526000900712526000900721526000900730526000900739526000800748526000800756526000800764526000800772526000800780650002800788650002500816650002200841651004000863700007300903700007000976PE-LiUPU20250731165650.0150616s r 000 0 d a0521086914 a(Sirsi) i9780521086912 aPE-LiUPUbspacPE-LiUPUerda04a909.008bC22100aHistory of the Middle East and the Aegean Region c. 1380-1000 B.C. /ceditado por I.E.S. Edwards, N.G.L. Hammond, E. Sollberger. 1aCambridge :bCambridge University Press,c1987. a1128 páginas ;c24 centímetros atext2rdacontent aunmediated2rdamedia avolume2rdacarrier0 aThe Cambridge Ancient History0 aThe struggle for the domination of Syria.- Assyria and Babylon.- Egypt: the amarna period and the end of the eighteenth dynasty.- The amarna letters from Palestine.- Etc... aSEG44 aSEG26 aP151 aP150 aP149 aP146 aP145 aP126 aP125 aP92 aP75 aP74 aP27 aP1504aCivilización antigua.04aCivilización Egea.04aHistoria antigua. aOriente MedioxHistoriayHacia 622.1 aEdwards, I. E. S.q(qIorwerth Eiddon Stephen),d1909-1996,eeditor.1 aHammond, N. G. L.q(Nicholas Geoffrey Lempriere),d1907-,eeditor